Tratamiento de los fondos comunes de inversión abiertos en el impuesto sobre los bienes personales (Registro nro. 19985)

Detalles MARC
000 -LEADER
fixed length control field 00380 a2200109 4500
001 - CONTROL NUMBER
control field ART_41595
005 - DATE AND TIME OF LATEST TRANSACTION
control field 20260410161754.0
008 - FIXED-LENGTH DATA ELEMENTS--GENERAL INFORMATION
fixed length control field 260409a
100 1# - MAIN ENTRY--PERSONAL NAME
Personal name García, Fernando D.
245 10 - TITLE STATEMENT
Title Tratamiento de los fondos comunes de inversión abiertos en el impuesto sobre los bienes personales
773 0# - HOST ITEM ENTRY
Title Doctrina tributaria
Related parts - Nº 377 (ago. 2011)
Record control number REV4296

No hay ítems disponibles.